Statistics for Five Most Populous Countries by Two of Colours in Flag

Click here to take the quiz!

General Stats

  • This quiz has been taken 459 times
  • The average score is 52 of 75

Answer Stats

HintAnswer% Correct
Red-Yellow 1China
93%
Blue-White 4Russia
88%
Red-Blue 2Russia
88%
Red-White 3Russia
88%
Red-Blue 1United States
88%
Red-White 1United States
88%
Blue-White 2United States
88%
Green-White 1India
83%
Blue-White 1India
83%
Blue-Green 1India
83%
Yellow-White 1Brazil
82%
Green-White 2Brazil
82%
Green-Yellow 1Brazil
82%
Blue-Yellow 1Brazil
82%
Blue-Green 2Brazil
82%
Blue-White 3Brazil
82%
Red-White 5Japan
82%
Blue-White 5Mexico
79%
Red-Green 2Mexico
79%
Yellow-Black 1Mexico
79%
Blue-Yellow 2Mexico
79%
Red-Yellow 2Mexico
79%
Blue-Black 1Mexico
79%
Yellow-White 2Mexico
79%
Blue-Green 3Mexico
79%
White-Black 1Mexico
79%
Red-Blue 3Mexico
79%
Green-Black 1Mexico
79%
Green-Yellow 2Mexico
79%
Green-White 5Mexico
79%
Red-Black 1Mexico
79%
Red-White 4Mexico
79%
Red-White 2Indonesia
78%
Red-Black 3Germany
77%
Yellow-Black 3Germany
77%
Green-White 3Pakistan
74%
Green-White 4Nigeria
72%
White-Black 2Egypt
70%
Yellow-White 4Egypt
70%
Red-Black 2Egypt
70%
Yellow-Black 2Egypt
70%
Yellow-White 5South Africa
69%
Blue-Green 5South Africa
69%
Blue-Black 2South Africa
69%
Yellow-Black 4South Africa
69%
Green-Black 2South Africa
69%
White-Black 3South Africa
69%
Red-Black 4South Africa
69%
Green-Yellow 4South Africa
69%
Red-Green 4Iran
67%
Red-Green 1Bangladesh
66%
Red-Green 5Italy
61%
Red-Yellow 4Vietnam
61%
Red-Blue 4Philippines
59%
Yellow-White 3Philippines
59%
Red-Yellow 3Philippines
59%
Blue-Yellow 3Philippines
59%
White-Black 4South Korea
59%
Red-Black 5South Korea
59%
Blue-Black 4South Korea
59%
Blue-Green 4Ethiopia
58%
Blue-Yellow 4Ethiopia
58%
Red-Green 3Ethiopia
58%
Red-Yellow 5Ethiopia
58%
Red-Blue 5Ethiopia
58%
Green-Yellow 3Ethiopia
58%
Blue-Yellow 5D.R.Congo
56%
Green-Black 5Sudan
46%
Blue-Black 3Tanzania
44%
Green-Black 3Tanzania
44%
Yellow-Black 5Tanzania
44%
Green-Yellow 5Tanzania
44%
Green-Black 4Kenya
43%
White-Black 5Kenya
43%
Blue-Black 5Venezuela
29%

Score Distribution

Percentile by Number Answered

Percent of People with Each Score

Your Score History

You have not taken this quiz